Romance Languages - Statistics

General Stats
  • This quiz has been taken 35 times
  • The average score is 8 of 14
Answer Stats
Answer % Correct
Italian
100%
Portuguese
100%
Spanish
100%
French
97%
Romanian
91%
Catalan
85%
Sicilian
55%
Sardinian
52%
Corsican
45%
Moldovan
24%
Andorran
15%
Haitian
9%
Esperanto
6%
Majorcan
0%
No matching quizzes found
Score Distribution
Percent of People with Each Score
Percentile by Number Answered
Your Score History
You have not taken this quiz